Microanalysis by laser-induced plasma spectroscopy in the vacuum ultraviolet /
Sparad:
| Övriga upphovsmän: | , , , , , |
|---|---|
| Materialtyp: | Artikel |
| Språk: | English |
| Ämnen: | |
| Taggar: |
Lägg till en tagg
Inga taggar, Lägg till första taggen!
|
| Thư viện lưu trữ: | Thư viện Trường Đại học Đà Lạt |
|---|
| LEADER | 01095nam a2200373 4500 | ||
|---|---|---|---|
| 001 | DLU090097864 | ||
| 005 | ##20091201 | ||
| 040 | # | # | |a DLU |b eng |
| 041 | # | # | |a eng |
| 044 | # | # | |a us |
| 245 | # | # | |a Microanalysis by laser-induced plasma spectroscopy in the vacuum ultraviolet / |c Igor Radivojevic ... [et al.]. |
| 653 | # | # | |a Ash |
| 653 | # | # | |a Emission spectrometry |
| 653 | # | # | |a Laser produced plasma |
| 653 | # | # | |a Microanalysis |
| 653 | # | # | |a Phosphorus |
| 653 | # | # | |a Vacuum ultraviolet radiation |
| 653 | # | # | |a Wastes |
| 700 | # | # | |a Becker-Ross, Helmut. |
| 700 | # | # | |a Florek, Stefan. |
| 700 | # | # | |a Haisch, Christoph. |
| 700 | # | # | |a Niessner, Reinhard. |
| 700 | # | # | |a Panne, Ulrich. |
| 700 | # | # | |a Radivojevic, Igor. |
| 773 | # | # | |t Analytical Chemistry |g Vol. 76, no. 6 (March 2004), p. 1648-1656 |
| 920 | # | # | |a Phòng Tạp chí -- Trung tâm Thông tin - Thư viện Trường Đại học Đà Lạt |
| 994 | # | # | |a DLU |
| 900 | # | # | |a True |
| 911 | # | # | |a Trương Bảo Trâm Anh |
| 925 | # | # | |a G |
| 926 | # | # | |a A |
| 927 | # | # | |a BB |
| 980 | # | # | |a Thư viện Trường Đại học Đà Lạt |